000 00431cam a22001575a 4500
001 J100854
008 000000s1924 xxk 000 0 eng u
035 _a(Sirsi) u100854
110 _aAuctioneers' and Estate Agents' Institute of the United Kingdom
_93789
245 0 4 _aThe London meeting of members 1924.
260 _c1924
300 _a48p.
651 4 _aUnited Kingdom
_y
690 _aBusiness and management
942 _n0
999 _c99883
_d99883